| 000 | 00816nam a2200241 a 4500 | ||
|---|---|---|---|
| 001 | 62697 | ||
| 003 | BD-RjUL | ||
| 005 | 20211209081120.0 | ||
| 008 | 170125s1982 bg ||||| |||| 00| 0 ben d | ||
| 020 | _c: Tk. 10.00 | ||
| 035 | _a(BD-RjUL)62824 | ||
| 040 |
_aBD-RjUL _bben _cBD-RjUL |
||
| 041 | _aben | ||
| 082 |
_223 _a780.92 _bMOA 1982 |
||
| 100 |
_aমোরশেদ, হেদায়েদ হোসাইন _9186365 |
||
| 245 | 1 | 0 |
_aআলতাফ মাহমুদ / _cহেদায়েদ হোসাইন মোরশেদ |
| 250 | _a১ম সং. | ||
| 260 |
_aঢাকা : _bবাংলা একাডেমী, _c১৯৮২ |
||
| 300 |
_a[৮], ৬৮ পৃ. ; _c২৩ সেমি. |
||
| 650 |
_aসুরকার _9170337 |
||
| 650 |
_aMusicians _9186366 |
||
| 942 |
_2ddc _cBK |
||
| 999 |
_c62697 _d62697 |
||